| 000 | 004070000a22001690004500 | ||
|---|---|---|---|
| 003 | MACL | ||
| 005 | 20160103124828.0 | ||
| 008 | 160103b xxu||||| |||| 00| 0 eng d | ||
| 040 |
_aMACL _cMACL |
||
| 041 | _aEnglish | ||
| 082 | _a800/WAL | ||
| 100 |
_aWallace, Irving _927657 |
||
| 245 | _aThe Seventh Secret | ||
| 260 |
_bSphete Books _aLondon |
||
| 650 |
_aLiterature _927658 |
||
| 942 |
_cBK _k800/Wal _2ddc |
||
| 999 |
_c33934 _d33934 |
||